[Event "Is Bankasi Online Satranc Turn.13-14 Yas"]
[Site "T#645826Mustafa Kemal"]
[Date "2020.05.08"]
[Round "2"]
[White "Ertugrulsavcil46"]
[Black "Sinancanaltay20"]
[Result "0-1"]
[WhiteElo "1620"]
[BlackElo "1522"]
[Annotator "NA RC"]
[PlyCount "64"]
[EventDate "2020.05.08"]
[EventType "swiss (blitz)"]
[TimeControl "180+2"]

1. e4 {[%emt 0:00:03]} g6 {[%emt 0:00:30]} 2. Nc3 {[%emt 0:00:07]} Bg7 {[%emt 0:00:03]} 3. g3 {[%emt 0:00:03]} d6 {[%emt 0:00:03]} 4. Bg2 {[%emt 0:00:04]} Nd7 {[%emt 0:00:17]} 5. b3 {[%emt 0:00:06]} Ngf6 {[%emt 0:00:05]} 6. Bb2 {[%emt 0:00:02]} Kf8 {[%emt 0:00:01]} 7. d3 {[%emt 0:00:02]} e5 {[%emt 0:00:01]} 8. Nge2 {[%emt 0:00:02]} Ke7 {[%emt 0:00:02]} 9. O-O {[%emt 0:00:02]} Re8 {[%emt 0:00:02]} 10. Re1 {[%emt 0:00:03]} Kf8 {[%emt 0:00:01]} 11. Qd2 {[%emt 0:00:01]} Kg8 {[%emt 0:00:01]} 12. a4 {[%emt 0:00:17]} a5 {[%emt 0:00:13]} 13. Nd5 {[%emt 0:00:03]} b6 {[%emt 0:00:07]} 14. Nxf6+ {[%emt 0:00:03]} Nxf6 {[%emt 0:00:04]} 15. d4 {[%emt 0:00:06]} exd4 {[%emt 0:00:09]} 16. Nxd4 {[%emt 0:00:03]} Bb7 {[%emt 0:00:01]} 17. e5 {[%emt 0:00:06]} dxe5 {[%emt 0:00:15]} 18. Bxb7 {[%emt 0:00:05]} Rb8 {[%emt 0:00:01]} 19. Nc6 {[%emt 0:00:09]} Qxd2 {[%emt 0:00:03]} 20. Nxb8 {[%emt 0:00:08]} Ng4 {[%emt 0:00:02]} 21. Rf1 {[%emt 0:00:14]} Rxb8 {[%emt 0:00:09]} 22. Rad1 {[%emt 0:00:04]} Qxc2 {[%emt 0:00:03]} 23. Bf3 {[%emt 0:00:08]} Qxb2 {[%emt 0:00:03]} 24. Bxg4 {[%emt 0:00:01]} Qxb3 {[%emt 0:00:01]} 25. Ra1 {[%emt 0:00:04]} e4 {[%emt 0:00:02]} 26. Rfb1 {[%emt 0:00:04]} Qd3 {[%emt 0:00:10]} 27. Ra2 {[%emt 0:00:05]} Qxb1+ {[%emt 0:00:03]} 28. Kg2 {[%emt 0:00:10]} Qxa2 {[%emt 0:00:00]} 29. h4 {[%emt 0:00:05]} Bd4 {[%emt 0:00:00]} 30. Be2 {[%emt 0:00:04]} Qxe2 {[%emt 0:00:02]} 31. Kh3 {[%emt 0:00:03]} Qxf2 {[%emt 0:00:00]} 32. Kg4 {[%emt 0:00:02]} Qf5# {[%emt 0:00:04] (Lag: Av=0.49s, max=0.8s)} 0-1

[Event "Is Bankasi Online Satranc Turn.13-14 Yas"]
[Site "T#645826Mustafa Kemal"]
[Date "2020.05.08"]
[Round "2"]
[White "Furkanaliskin84"]
[Black "Yusufgunal46"]
[Result "1-0"]
[WhiteElo "1620"]
[BlackElo "1650"]
[Annotator "NA RC"]
[PlyCount "123"]
[EventDate "2020.05.08"]
[EventType "swiss (blitz)"]

1. d4 {[%emt 0:00:02]} f5 {[%emt 0:00:02]} 2. c4 {[%emt 0:00:02]} Nf6 {[%emt 0:00:02]} 3. Nc3 {[%emt 0:00:01]} g6 {[%emt 0:00:01]} 4. e3 {[%emt 0:00:03]} Bg7 {[%emt 0:00:01]} 5. Nf3 {[%emt 0:00:01]} O-O {[%emt 0:00:01]} 6. Be2 {[%emt 0:00:01]} d6 {[%emt 0:00:01]} 7. O-O {[%emt 0:00:01]} Qe8 {[%emt 0:00:01]} 8. b3 {[%emt 0:00:02]} e5 {[%emt 0:00:11]} 9. Bb2 {[%emt 0:00:10]} Nc6 {[%emt 0:00:02]} 10. Rc1 {[%emt 0:00:07]} Bd7 {[%emt 0:00:02]} 11. Qc2 {[%emt 0:00:11]} e4 {[%emt 0:00:03]} 12. Nd2 {[%emt 0:00:02]} h6 {[%emt 0:00:01]} 13. d5 {[%emt 0:00:02]} Ne5 {[%emt 0:00:02]} 14. a3 {[%emt 0:00:17]} g5 {[%emt 0:00:01]} 15. b4 {[%emt 0:00:01]} Kh8 {[%emt 0:00:17]} 16. c5 {[%emt 0:00:03]} Rc8 {[%emt 0:00:07]} 17. Na2 {[%emt 0:00:05]} Nxd5 {[%emt 0:00:14]} 18. Qb3 {[%emt 0:00:14]} Be6 {[%emt 0:00:08]} 19. Bxe5 {[%emt 0:00:11]} Bxe5 {[%emt 0:00:02]} 20. Bc4 {[%emt 0:00:02]} Qf7 {[%emt 0:00:06]} 21. Nb1 {[%emt 0:00:03]} dxc5 {[%emt 0:00:03]} 22. bxc5 {[%emt 0:00:02]} c6 {[%emt 0:00:02]} 23. Rfd1 {[%emt 0:00:02]} Rfd8 {[%emt 0:00:07]} 24. Nb4 {[%emt 0:00:07]} a5 {[%emt 0:00:12]} 25. Nxd5 {[%emt 0:00:12]} Bxd5 {[%emt 0:00:01]} 26. Bxd5 {[%emt 0:00:01]} Rxd5 {[%emt 0:00:02]} 27. Rxd5 {[%emt 0:00:04]} Qxd5 {[%emt 0:00:08]} 28. Qxb7 {[%emt 0:00:04]} Rc7 {[%emt 0:00:01]} 29. Qa8+ {[%emt 0:00:03]} Kg7 {[%emt 0:00:02]} 30. Qxa5 {[%emt 0:00:02]} Bb2 {[%emt 0:00:06]} 31. Qxc7+ {[%emt 0:00:03]} Kg6 {[%emt 0:00:04]} 32. Re1 {[%emt 0:00:08]} Qxc5 {[%emt 0:00:07]} 33. h3 {[%emt 0:00:09]} Be5 {[%emt 0:00:03]} 34. Qd7 {[%emt 0:00:10]} Bg7 {[%emt 0:00:48]} 35. Qe6+ {[%emt 0:00:05]} Bf6 {[%emt 0:00:02]} 36. Qe8+ {[%emt 0:00:05]} Kg7 {[%emt 0:00:02]} 37. Rd1 {[%emt 0:00:02]} Be7 {[%emt 0:00:26]} 38. Rd7 {[%emt 0:00:26]} Kf6 {[%emt 0:00:01]} 39. Qh8+ {[%emt 0:00:04]} Ke6 {[%emt 0:00:01]} 40. Rd1 {[%emt 0:00:09]} Qc2 {[%emt 0:00:21]} 41. Qxh6+ {[%emt 0:00:03]} Bf6 {[%emt 0:00:01]} 42. Qh5 {[%emt 0:00:19]} c5 {[%emt 0:00:05]} 43. Qe8+ {[%emt 0:00:10]} Be7 {[%emt 0:00:01]} 44. Qd7+ {[%emt 0:00:03]} Kf6 {[%emt 0:00:04]} 45. Kh2 {[%emt 0:00:05]} Qb2 {[%emt 0:00:10]} 46. a4 {[%emt 0:00:08]} Qe5+ {[%emt 0:00:01]} 47. Kh1 {[%emt 0:00:04]} Qb2 {[%emt 0:00:01]} 48. Qd5 {[%emt 0:00:02]} Qb4 {[%emt 0:00:02]} 49. Qa2 {[%emt 0:00:03]} Qa5 {[%emt 0:00:02]} 50. Nd2 {[%emt 0:00:02]} Qb4 {[%emt 0:00:01]} 51. a5 {[%emt 0:00:01]} Qb7 {[%emt 0:00:02]} 52. a6 {[%emt 0:00:01]} Qa7 {[%emt 0:00:01]} 53. Nc4 {[%emt 0:00:01]} Kf7 {[%emt 0:00:02]} 54. Ne5+ {[%emt 0:00:03]} Kf6 {[%emt 0:00:01]} 55. Nc6 {[%emt 0:00:01]} Qb6 {[%emt 0:00:03]} 56. Nxe7 {[%emt 0:00:02]} Kxe7 {[%emt 0:00:01]} 57. a7 {[%emt 0:00:01]} Qb4 {[%emt 0:00:02]} 58. a8=Q {[%emt 0:00:02]} c4 {[%emt 0:00:01]} 59. Q8a7+ {[%emt 0:00:02]} Ke6 {[%emt 0:00:01]} 60. Q2a6+ {[%emt 0:00:02]} Ke5 {[%emt 0:00:01]} 61. Qa5+ {[%emt 0:00:01]} Qxa5 {[%emt 0:00:02]} 62. Qxa5+ {[%emt 0:00:00] Yusufgunal46 terk eder (Lag: Av=0.37s, max=0.7s)} 1-0

[Event "Is Bankasi Online Satranc Turn.13-14 Yas"]
[Site "T#645826Mustafa Kemal"]
[Date "2020.05.08"]
[Round "2"]
[White "Hakanyuceturk58"]
[Black "BaranPekdemir56"]
[Result "1-0"]
[WhiteElo "1620"]
[BlackElo "1322"]
[Annotator "NA RC"]
[PlyCount "71"]
[EventDate "2020.05.08"]
[EventType "swiss (blitz)"]

1. f4 {[%emt 0:00:05]} Nf6 {[%emt 0:00:08]} 2. Nf3 {[%emt 0:00:03]} Nc6 {[%emt 0:00:03]} 3. e3 {[%emt 0:00:01]} d6 {[%emt 0:00:06]} 4. b3 {[%emt 0:00:02]} e5 {[%emt 0:00:03]} 5. fxe5 {[%emt 0:00:04]} dxe5 {[%emt 0:00:01]} 6. Bb2 {[%emt 0:00:01]} Bd6 {[%emt 0:00:03]} 7. Bb5 {[%emt 0:00:04]} Bd7 {[%emt 0:00:07]} 8. O-O {[%emt 0:00:04]} O-O {[%emt 0:00:03]} 9. d3 {[%emt 0:00:14]} Re8 {[%emt 0:00:18]} 10. e4 {[%emt 0:00:07]} Na5 {[%emt 0:00:05]} 11. Bxd7 {[%emt 0:00:03]} Qxd7 {[%emt 0:00:02]} 12. Qe1 {[%emt 0:00:03]} Nc6 {[%emt 0:00:03]} 13. Nbd2 {[%emt 0:00:03]} Bc5+ {[%emt 0:00:02]} 14. Kh1 {[%emt 0:00:06]} Nd4 {[%emt 0:00:07]} 15. Nxd4 {[%emt 0:00:02]} Bxd4 {[%emt 0:00:03]} 16. Bxd4 {[%emt 0:00:02]} Qxd4 {[%emt 0:00:02]} 17. Nc4 {[%emt 0:00:02]} b5 {[%emt 0:00:11]} 18. Nd2 {[%emt 0:00:16]} Ng4 {[%emt 0:00:09]} 19. Nf3 {[%emt 0:00:16]} Qb6 {[%emt 0:00:32]} 20. h3 {[%emt 0:00:38]} Ne3 {[%emt 0:00:03]} 21. Rf2 {[%emt 0:00:03]} f5 {[%emt 0:00:49]} 22. Re2 {[%emt 0:00:09]} f4 {[%emt 0:00:04]} 23. Nd2 {[%emt 0:00:47]} Qg6 {[%emt 0:00:08]} 24. Nf1 {[%emt 0:00:27]} Qc6 {[%emt 0:00:08]} 25. Nxe3 {[%emt 0:00:07]} fxe3 {[%emt 0:00:03]} 26. Rxe3 {[%emt 0:00:02]} Qxc2 {[%emt 0:00:05]} 27. Qe2 {[%emt 0:00:01]} Qc3 {[%emt 0:00:07]} 28. Re1 {[%emt 0:00:04]} Re6 {[%emt 0:00:05]} 29. Qg4 {[%emt 0:00:01]} Rd6 {[%emt 0:00:15]} 30. Kh2 {[%emt 0:00:03]} Rxd3 {[%emt 0:00:05]} 31. Qe6+ {[%emt 0:00:01]} Kh8 {[%emt 0:00:02]} 32. Rxd3 {[%emt 0:00:04]} Qxd3 {[%emt 0:00:01]} 33. Qxe5 {[%emt 0:00:01]} Rd8 {[%emt 0:00:02]} 34. Qg3 {[%emt 0:00:02]} Qd2 {[%emt 0:00:01]} 35. Rf1 {[%emt 0:00:02]} Rd3 {[%emt 0:00:02]} 36. Rf8# {[%emt 0:00:02] (Lag: Av=0.60s, max=1.7s)} 1-0

[Event "Is Bankasi Online Satranc Turn.13-14 Yas"]
[Site "T#645826Mustafa Kemal"]
[Date "2020.05.08"]
[Round "2"]
[White "Idaoztuksavul92"]
[Black "Alpereneryilma90"]
[Result "0-1"]
[WhiteElo "1620"]
[BlackElo "1427"]
[Annotator "NA RC"]
[PlyCount "52"]
[EventDate "2020.05.08"]
[EventType "swiss (blitz)"]

1. e4 {[%emt 0:00:06]} c6 {[%emt 0:00:01]} 2. d4 {[%emt 0:00:07]} d5 {[%emt 0:00:01]} 3. Nd2 {[%emt 0:00:03]} dxe4 {[%emt 0:00:02]} 4. Nxe4 {[%emt 0:00:04]} Nd7 {[%emt 0:00:01]} 5. Qe2 {[%emt 0:00:08]} e6 {[%emt 0:00:02]} 6. g3 {[%emt 0:00:02]} Ngf6 {[%emt 0:00:02]} 7. Bg2 {[%emt 0:00:01]} Nxe4 {[%emt 0:00:01]} 8. Qxe4 {[%emt 0:00:01]} Nf6 {[%emt 0:00:01]} 9. Qd3 {[%emt 0:00:01]} Bd6 {[%emt 0:00:04]} 10. c4 {[%emt 0:00:17]} Bd7 {[%emt 0:00:12]} 11. b3 {[%emt 0:00:14]} O-O {[%emt 0:00:04]} 12. Bb2 {[%emt 0:00:02]} Bb4+ {[%emt 0:00:03]} 13. Bc3 {[%emt 0:00:10]} Bxc3+ {[%emt 0:00:03]} 14. Qxc3 {[%emt 0:00:01]} Qb6 {[%emt 0:00:06]} 15. Ne2 {[%emt 0:00:02]} Rfd8 {[%emt 0:00:04]} 16. Kf1 {[%emt 0:00:02]} Rac8 {[%emt 0:00:06]} 17. h4 {[%emt 0:00:04]} c5 {[%emt 0:00:07]} 18. Bf3 {[%emt 0:00:02]} Bc6 {[%emt 0:00:03]} 19. Bxc6 {[%emt 0:00:06]} Qxc6 {[%emt 0:00:04]} 20. Kg1 {[%emt 0:00:07]} Qb6 {[%emt 0:00:05]} 21. Rd1 {[%emt 0:00:04]} cxd4 {[%emt 0:00:06]} 22. Rxd4 {[%emt 0:00:03]} Qc6 {[%emt 0:00:15]} 23. f3 {[%emt 0:00:24]} b5 {[%emt 0:00:04]} 24. Kh2 {[%emt 0:00:17]} a6 {[%emt 0:00:04]} 25. Re1 {[%emt 0:00:03]} bxc4 {[%emt 0:00:07]} 26. Qe3 {[%emt 0:00:15]} cxb3 {[%emt 0:00:11] Idaoztuksavul92 terk eder (Lag: Av=0.53s, max=2.0s)} 0-1

[Event "Is Bankasi Online Satranc Turn.13-14 Yas"]
[Site "T#645826Mustafa Kemal"]
[Date "2020.05.08"]
[Round "2"]
[White "Kadirefeermemi10"]
[Black "Yagizcinarakin00"]
[Result "0-1"]
[WhiteElo "1620"]
[BlackElo "1912"]
[Annotator "RC"]
[PlyCount "116"]
[EventDate "2020.05.08"]
[EventType "swiss (blitz)"]

1. e4 {[%emt 0:00:02]} g6 {[%emt 0:00:03]} 2. d4 {[%emt 0:00:01]} Bg7 {[%emt 0:00:01]} 3. Nf3 {[%emt 0:00:02]} d6 {[%emt 0:00:01]} 4. Be2 {[%emt 0:00:02]} Nf6 {[%emt 0:00:01]} 5. Nc3 {[%emt 0:00:05]} O-O {[%emt 0:00:01]} 6. h3 {[%emt 0:00:01]} a6 {[%emt 0:00:01]} 7. Be3 {[%emt 0:00:01]} b5 {[%emt 0:00:01]} 8. a3 {[%emt 0:00:01]} Bb7 {[%emt 0:00:01]} 9. d5 {[%emt 0:00:13]} Nbd7 {[%emt 0:00:04]} 10. O-O {[%emt 0:00:02]} e6 {[%emt 0:00:08]} 11. dxe6 {[%emt 0:00:03]} fxe6 {[%emt 0:00:01]} 12. Qd2 {[%emt 0:00:01]} Qe7 {[%emt 0:00:07]} 13. Bd3 {[%emt 0:00:06]} c5 {[%emt 0:00:04]} 14. Bg5 {[%emt 0:00:33]} Qf7 {[%emt 0:00:48]} 15. Rfe1 {[%emt 0:00:03]} d5 {[%emt 0:00:11]} 16. exd5 {[%emt 0:00:07]} exd5 {[%emt 0:00:02]} 17. Bh6 {[%emt 0:00:07]} Bxh6 {[%emt 0:00:32]} 18. Qxh6 {[%emt 0:00:02]} Qg7 {[%emt 0:00:43]} 19. Qxg7+ {[%emt 0:00:03]} Kxg7 {[%emt 0:00:00]} 20. Ng5 {[%emt 0:00:03]} Rfe8 {[%emt 0:00:03]} 21. Ne6+ {[%emt 0:00:04]} Kf7 {[%emt 0:00:01]} 22. Ng5+ {[%emt 0:00:05]} Kg8 {[%emt 0:00:05]} 23. Bf1 {[%emt 0:00:16]} d4 {[%emt 0:00:08]} 24. Na2 {[%emt 0:00:31]} Bd5 {[%emt 0:00:02]} 25. b3 {[%emt 0:00:20]} h6 {[%emt 0:00:04]} 26. Nf3 {[%emt 0:00:02]} Bxf3 {[%emt 0:00:04]} 27. gxf3 {[%emt 0:00:01]} Ne5 {[%emt 0:00:04]} 28. Bg2 {[%emt 0:00:05]} Nf7 {[%emt 0:00:08]} 29. f4 {[%emt 0:00:05]} Rad8 {[%emt 0:00:02]} 30. Rad1 {[%emt 0:00:07]} Nh5 {[%emt 0:00:02]} 31. f5 {[%emt 0:00:12]} gxf5 {[%emt 0:00:05]} 32. Bc6 {[%emt 0:00:02]} Re5 {[%emt 0:00:09]} 33. Rxe5 {[%emt 0:00:03]} Nxe5 {[%emt 0:00:01]} 34. Bg2 {[%emt 0:00:09]} Nf4 {[%emt 0:00:08]} 35. Re1 {[%emt 0:00:09]} Re8 {[%emt 0:00:01]} 36. Kf1 {[%emt 0:00:12]} Kf7 {[%emt 0:00:02]} 37. Nc1 {[%emt 0:00:02]} Nxg2 {[%emt 0:00:01]} 38. Kxg2 {[%emt 0:00:01]} Rg8+ {[%emt 0:00:01]} 39. Kf1 {[%emt 0:00:02]} Nf3 {[%emt 0:00:01]} 40. Rd1 {[%emt 0:00:05]} Rg1+ {[%emt 0:00:04]} 41. Ke2 {[%emt 0:00:01]} Rxd1 {[%emt 0:00:01]} 42. Kxd1 {[%emt 0:00:01]} Ne5 {[%emt 0:00:01]} 43. Ke2 {[%emt 0:00:02]} Ke6 {[%emt 0:00:01]} 44. f4 {[%emt 0:00:03]} Ng6 {[%emt 0:00:02]} 45. Nd3 {[%emt 0:00:01]} Kd5 {[%emt 0:00:01]} 46. Kf3 {[%emt 0:00:02]} a5 {[%emt 0:00:03]} 47. Nb2 {[%emt 0:00:02]} c4 {[%emt 0:00:02]} 48. a4 {[%emt 0:00:06]} d3 {[%emt 0:00:13]} 49. axb5 {[%emt 0:00:03]} dxc2 {[%emt 0:00:03]} 50. bxc4+ {[%emt 0:00:01]} Kd4 {[%emt 0:00:01]} 51. b6 {[%emt 0:00:05]} c1=Q {[%emt 0:00:01]} 52. b7 {[%emt 0:00:01]} Qxf4+ {[%emt 0:00:01]} 53. Ke2 {[%emt 0:00:02]} Qe3+ {[%emt 0:00:01]} 54. Kd1 {[%emt 0:00:01]} Qb3+ {[%emt 0:00:01]} 55. Kd2 {[%emt 0:00:02]} Qxb2+ {[%emt 0:00:01]} 56. Ke1 {[%emt 0:00:02]} Nf4 {[%emt 0:00:02]} 57. Kf1 {[%emt 0:00:02]} Qg2+ {[%emt 0:00:02]} 58. Ke1 {[%emt 0:00:01]} Qe2# {[%emt 0:00:00] (Lag: Av=0.69s, max=1.3s)} 0-1

[Event "Is Bankasi Online Satranc Turn.13-14 Yas"]
[Site "T#645826Mustafa Kemal"]
[Date "2020.05.08"]
[Round "2"]
[White "Kutayozdemir66"]
[Black "Ardahanyigitag24"]
[Result "1/2-1/2"]
[WhiteElo "1620"]
[BlackElo "1620"]
[Annotator "NA RC"]
[PlyCount "145"]
[EventDate "2020.05.08"]
[EventType "swiss (blitz)"]

1. e4 {[%emt 0:00:02]} e5 {[%emt 0:00:05]} 2. Nf3 {[%emt 0:00:01]} Nc6 {[%emt 0:00:01]} 3. Bc4 {[%emt 0:00:02]} Bc5 {[%emt 0:00:04]} 4. Nc3 {[%emt 0:00:05]} d6 {[%emt 0:00:07]} 5. h3 {[%emt 0:00:04]} g5 {[%emt 0:00:05]} 6. g4 {[%emt 0:00:11]} Na5 {[%emt 0:00:14]} 7. Bb3 {[%emt 0:00:03]} Nxb3 {[%emt 0:00:03]} 8. axb3 {[%emt 0:00:01]} Nf6 {[%emt 0:00:10]} 9. d3 {[%emt 0:00:02]} d5 {[%emt 0:00:08]} 10. exd5 {[%emt 0:00:08]} Nxd5 {[%emt 0:00:02]} 11. Bxg5 {[%emt 0:00:08]} f6 {[%emt 0:00:13]} 12. Bd2 {[%emt 0:00:05]} Nxc3 {[%emt 0:00:08]} 13. Bxc3 {[%emt 0:00:02]} Bd4 {[%emt 0:00:06]} 14. Nxd4 {[%emt 0:00:05]} exd4 {[%emt 0:00:01]} 15. Qe2+ {[%emt 0:00:02]} Kf7 {[%emt 0:00:16]} 16. Ra4 {[%emt 0:00:55]} Re8 {[%emt 0:00:07]} 17. Rxd4 {[%emt 0:00:11]} Bd7 {[%emt 0:00:13]} 18. Re4 {[%emt 0:00:11]} Bc6 {[%emt 0:00:13]} 19. Rxe8 {[%emt 0:00:04]} Qxe8 {[%emt 0:00:05]} 20. Rf1 {[%emt 0:00:07]} Qxe2+ {[%emt 0:00:04]} 21. Kxe2 {[%emt 0:00:01]} Re8+ {[%emt 0:00:00]} 22. Kd2 {[%emt 0:00:01]} Bg2 {[%emt 0:00:10]} 23. Re1 {[%emt 0:00:21]} Bxh3 {[%emt 0:00:02]} 24. Rxe8 {[%emt 0:00:03]} Kxe8 {[%emt 0:00:01]} 25. Bxf6 {[%emt 0:00:02]} Bxg4 {[%emt 0:00:03]} 26. Be5 {[%emt 0:00:01]} Kd8 {[%emt 0:00:14]} 27. Ke3 {[%emt 0:00:05]} c5 {[%emt 0:00:03]} 28. Bc3 {[%emt 0:00:09]} Bd7 {[%emt 0:00:02]} 29. b4 {[%emt 0:00:02]} cxb4 {[%emt 0:00:01]} 30. Bxb4 {[%emt 0:00:01]} b6 {[%emt 0:00:03]} 31. Bd2 {[%emt 0:00:05]} h5 {[%emt 0:00:03]} 32. Kf3 {[%emt 0:00:07]} h4 {[%emt 0:00:03]} 33. Kg2 {[%emt 0:00:05]} h3+ {[%emt 0:00:07]} 34. Kh2 {[%emt 0:00:01]} a5 {[%emt 0:00:04]} 35. c3 {[%emt 0:00:07]} a4 {[%emt 0:00:07]} 36. d4 {[%emt 0:00:02]} Bg4 {[%emt 0:00:06]} 37. f4 {[%emt 0:00:02]} b5 {[%emt 0:00:07]} 38. Be3 {[%emt 0:00:04]} Ke7 {[%emt 0:00:07]} 39. Kg3 {[%emt 0:00:01]} h2 {[%emt 0:00:10]} 40. Kxh2 {[%emt 0:00:04]} Be6 {[%emt 0:00:06]} 41. Kg3 {[%emt 0:00:03]} Kd6 {[%emt 0:00:02]} 42. Kh4 {[%emt 0:00:11]} Kd5 {[%emt 0:00:01]} 43. Kg5 {[%emt 0:00:01]} Ke4 {[%emt 0:00:02]} 44. Bc1 {[%emt 0:00:01]} Kd3 {[%emt 0:00:05]} 45. f5 {[%emt 0:00:01]} Bb3 {[%emt 0:00:04]} 46. f6 {[%emt 0:00:03]} Kc2 {[%emt 0:00:01]} 47. Kg6 {[%emt 0:00:01]} Kxc1 {[%emt 0:00:02]} 48. f7 {[%emt 0:00:01]} Bxf7+ {[%emt 0:00:01]} 49. Kxf7 {[%emt 0:00:01]} Kxb2 {[%emt 0:00:01]} 50. d5 {[%emt 0:00:01]} a3 {[%emt 0:00:00]} 51. d6 {[%emt 0:00:01]} a2 {[%emt 0:00:00]} 52. d7 {[%emt 0:00:01]} a1=Q {[%emt 0:00:01]} 53. d8=Q {[%emt 0:00:01]} Qa2+ {[%emt 0:00:03]} 54. Kf6 {[%emt 0:00:04]} Qa6+ {[%emt 0:00:03]} 55. Kf5 {[%emt 0:00:02]} Qa4 {[%emt 0:00:07]} 56. Qd2+ {[%emt 0:00:05]} Qc2+ {[%emt 0:00:04]} 57. Qxc2+ {[%emt 0:00:09]} Kxc2 {[%emt 0:00:00]} 58. Ke4 {[%emt 0:00:01]} Kxc3 {[%emt 0:00:01]} 59. Ke3 {[%emt 0:00:01]} b4 {[%emt 0:00:01]} 60. Ke2 {[%emt 0:00:01]} b3 {[%emt 0:00:00]} 61. Kd1 {[%emt 0:00:01]} b2 {[%emt 0:00:00]} 62. Ke2 {[%emt 0:00:02]} b1=Q {[%emt 0:00:01]} 63. Kf3 {[%emt 0:00:01]} Qd3+ {[%emt 0:00:01]} 64. Kf4 {[%emt 0:00:01]} Qd4+ {[%emt 0:00:02]} 65. Kf5 {[%emt 0:00:01]} Kc4 {[%emt 0:00:01]} 66. Kg5 {[%emt 0:00:03]} Kd5 {[%emt 0:00:01]} 67. Kg6 {[%emt 0:00:01]} Ke6 {[%emt 0:00:01]} 68. Kg5 {[%emt 0:00:01]} Qf6+ {[%emt 0:00:03]} 69. Kg4 {[%emt 0:00:01]} Qg6+ {[%emt 0:00:03]} 70. Kf4 {[%emt 0:00:01]} Qf6+ {[%emt 0:00:01]} 71. Kg4 {[%emt 0:00:01]} Qg6+ {[%emt 0:00:00]} 72. Kf4 {[%emt 0:00:01]} Qf6+ {[%emt 0:00:01]} 73. Kg4 {[%emt 0:00:01] (Lag: Av=0.88s, max=2.9s)} 1/2-1/2

[Event "Is Bankasi Online Satranc Turn.13-14 Yas"]
[Site "T#645826Mustafa Kemal"]
[Date "2020.05.08"]
[Round "2"]
[White "Mehmetemrebulg50"]
[Black "Berkeeroglu76"]
[Result "0-1"]
[WhiteElo "1620"]
[BlackElo "1812"]
[Annotator "NA RC"]
[PlyCount "100"]
[EventDate "2020.05.08"]
[EventType "swiss (blitz)"]

1. e4 {[%emt 0:00:03]} c5 {[%emt 0:00:02]} 2. Nc3 {[%emt 0:00:01]} g6 {[%emt 0:00:01]} 3. Bc4 {[%emt 0:00:01]} Bg7 {[%emt 0:00:02]} 4. d3 {[%emt 0:00:02]} e6 {[%emt 0:00:02]} 5. f4 {[%emt 0:00:02]} Ne7 {[%emt 0:00:03]} 6. Nf3 {[%emt 0:00:01]} d5 {[%emt 0:00:08]} 7. Bb5+ {[%emt 0:00:05]} Bd7 {[%emt 0:00:01]} 8. Bxd7+ {[%emt 0:00:01]} Qxd7 {[%emt 0:00:02]} 9. exd5 {[%emt 0:00:01]} exd5 {[%emt 0:00:02]} 10. O-O {[%emt 0:00:02]} Nbc6 {[%emt 0:00:03]} 11. Qe1 {[%emt 0:00:06]} O-O {[%emt 0:00:05]} 12. Ne5 {[%emt 0:00:03]} Nxe5 {[%emt 0:00:07]} 13. fxe5 {[%emt 0:00:01]} Nc6 {[%emt 0:00:07]} 14. Bf4 {[%emt 0:00:06]} Rae8 {[%emt 0:00:12]} 15. Qg3 {[%emt 0:00:07]} Bxe5 {[%emt 0:00:14]} 16. Bxe5 {[%emt 0:00:09]} Rxe5 {[%emt 0:00:02]} 17. Rf6 {[%emt 0:00:08]} Re6 {[%emt 0:00:29]} 18. Raf1 {[%emt 0:00:11]} Rxf6 {[%emt 0:00:02]} 19. Rxf6 {[%emt 0:00:01]} Re8 {[%emt 0:00:02]} 20. Qf3 {[%emt 0:00:15]} Nd4 {[%emt 0:00:12]} 21. Qxd5 {[%emt 0:00:18]} Qxd5 {[%emt 0:00:12]} 22. Nxd5 {[%emt 0:00:01]} Nxc2 {[%emt 0:00:12]} 23. Rf4 {[%emt 0:00:23]} Re1+ {[%emt 0:00:12]} 24. Kf2 {[%emt 0:00:03]} Rd1 {[%emt 0:00:12]} 25. Rc4 {[%emt 0:00:12]} Rd2+ {[%emt 0:00:11]} 26. Kf1 {[%emt 0:00:05]} Kg7 {[%emt 0:00:09]} 27. Rxc5 {[%emt 0:00:07]} Rxd3 {[%emt 0:00:09]} 28. Nf4 {[%emt 0:00:11]} Rd2 {[%emt 0:00:01]} 29. Ne2 {[%emt 0:00:11]} Ne3+ {[%emt 0:00:08]} 30. Kf2 {[%emt 0:00:02]} Nf5 {[%emt 0:00:01]} 31. Kf3 {[%emt 0:00:06]} Rxb2 {[%emt 0:00:02]} 32. Ra5 {[%emt 0:00:03]} a6 {[%emt 0:00:01]} 33. Nf4 {[%emt 0:00:02]} Nd4+ {[%emt 0:00:05]} 34. Ke4 {[%emt 0:00:03]} Ne6 {[%emt 0:00:01]} 35. Nd5 {[%emt 0:00:03]} Rxg2 {[%emt 0:00:03]} 36. h4 {[%emt 0:00:08]} Rg4+ {[%emt 0:00:02]} 37. Kd3 {[%emt 0:00:03]} Rxh4 {[%emt 0:00:02]} 38. Ne3 {[%emt 0:00:06]} Rd4+ {[%emt 0:00:01]} 39. Kc3 {[%emt 0:00:02]} Re4 {[%emt 0:00:02]} 40. Nd5 {[%emt 0:00:01]} h5 {[%emt 0:00:02]} 41. Nb4 {[%emt 0:00:05]} h4 {[%emt 0:00:02]} 42. Rd5 {[%emt 0:00:06]} h3 {[%emt 0:00:04]} 43. Rd2 {[%emt 0:00:01]} Rh4 {[%emt 0:00:01]} 44. Rh2 {[%emt 0:00:03]} g5 {[%emt 0:00:01]} 45. Nd3 {[%emt 0:00:01]} g4 {[%emt 0:00:02]} 46. Nf2 {[%emt 0:00:14]} g3 {[%emt 0:00:09]} 47. Rxh3 {[%emt 0:00:02]} gxf2 {[%emt 0:00:04]} 48. Rxh4 {[%emt 0:00:01]} f1=Q {[%emt 0:00:01]} 49. Rg4+ {[%emt 0:00:01]} Kf8 {[%emt 0:00:02]} 50. a4 {[%emt 0:00:02]} Qf3+ {[%emt 0:00:02] Mehmetemrebulg50 Terk (Lag: Av=0.79s, max=5.6s)} 0-1